Statistiche per Guerre del XX secolo

Clicka qui per fare il quiz!

Statistiche generali

  • Questo quiz è stato fatto 63 volte
  • Il punteggio medio è 19 su 38

Statistiche sulle risposte

DataLuoghiGuerra% Corretto
1914-1918Europa, Africa, Asia, Oceania, OceaniPrima guerra mondiale
98%
1939-1945Europa, Africa, Asia, Oceania, OceaniSeconda guerra mondiale
96%
1990-1991Kuwait, IraqPrima guerra del Golfo
81%
1950-1953Penisola coreanaGuerra di Corea
79%
1936-1939SpagnaGuerra civile spagnola
77%
1960-1975IndocinaGuerra del Vietnam
74%
1935-1936EtiopiaGuerra d'Etiopia
72%
1978-oggiAfghanistanGuerra civile afghana
70%
1991-1995, 1996-1999Slovenia, Croazia, Bosnia, KosovoGuerre di Jugoslavia
70%
1982Falkland, Georgia del Sud e Sandwich AustraliGuerra delle Falkland
66%
1911-1912Libia, DodecannesoGuerra italo-turca
64%
1968-1998Irlanda, Regno Unito, GibilterraConflitto nordirlandese
60%
1994-1998, 1999-2009Cecenia, CaucasoGuerre cecene
57%
1947-1948, 1965KashmirGuerre del Kashmir
55%
1912-1913BalcaniGuerre balcaniche
51%
1961-1975AngolaGuerra d'indipendenza angolana
49%
1953-1959CubaRivoluzione cubana
49%
1900-1902SudafricaSeconda guerra anglo-boera
47%
1967-1974CambogiaGuerra civile cambogiana
45%
1967Israele, Sinai, CisgiordaniaGuerra dei sei giorni
45%
1964-1974MozambicoGuerra d'indipendenza mozambicana
43%
1937-1945Cina, Manciuria, BirmaniaSeconda guerra sino-giapponese
43%
1927-1950Cina, Tibet, BirmaniaGuerra civile cinese
40%
1954-1962Algeria, Francia, TunisiaGuerra d'Algeria
40%
1919-1921IrlandaGuerra d'indipendenza irlandese
40%
1948IsraeleGuerra arabo-israeliana
38%
1967-1974NigeriaGuerra del Biafra
38%
1975-1990LibanoGuerra civile libanese
36%
1973Sinai, Golan, Canale di SuezGuerra del Kippur
36%
1904-1905Manciuria, Mar GialloGuerra russo-giapponese
36%
1980-1988Iran, Iraq, Golfo PersicoGuerra Iran-Iraq
32%
1971BangladeshGuerra d'indipendenza bengalese
30%
1956BudapestRivoluzione Ungherese del 1956
28%
1919-1921Turchia occidentaleGuerra greco-turca
26%
1979-1990AfghanistanGuerra sovietico-afghana
26%
1974CIproInvasione turca di Cipro
26%
1910-1917Messico, Stati UnitiRivoluzione messicana
23%
1969Honduras, El SalvadorGuerra del calcio
21%

Distribuzione punteggi

Percentile per numero di risposta

Percentuale di utenti per punteggio

I tuoi punteggi nel tempo

Non hai fatto questo quiz